Alrededor de la medianoche = 'Round Midnight /
Décimo largometraje dirigido por el cineasta francés Bertrand Tavernier (1941-2021), quien rinde un homenaje amoroso al jazz, a sus creadores y al ámbito que da forma este tipo de música: la narración está situada en París en 1959 y gira en torno a la relación que establecen un saxofonista en decliv...
Збережено в:
| Автор: | |
|---|---|
| Інші автори: | , , , , , , , , |
| Формат: | |
| Мова: | Англійська |
| Опубліковано: |
París, Francia : Francia :
Little Bear ; PECF,
1986, c1986
|
| Предмети: | |
| Теги: |
Немає тегів, Будьте першим, хто поставить тег для цього запису!
|
MARC
| LEADER | 00000ngm^a2200000^a^4500 | ||
|---|---|---|---|
| 001 | 000147881 | ||
| 005 | 20250521000000.0 | ||
| 009 | 20260310100002.106 | ||
| 037 | |a Acervo ITESO - Biblioteca | ||
| 041 | |a ING | ||
| 082 | |a 840. |b TAV | ||
| 100 | |a Tavernier, Bertrand |e (realización) | ||
| 240 | 1 | 1 | |a [Alrededor de la medianoche] |
| 245 | 1 | 0 | |a Alrededor de la medianoche = |b 'Round Midnight / |c Realización de B. Tavernier. |
| 246 | 2 | |a Título en la pantalla: Ronda de medianoche | |
| 264 | 4 | |a París, Francia : |b Little Bear ; |a Francia : |b PECF, |c 1986, c1986 | |
| 264 | 2 | |a México : |b Warner Brothers [distribución], |c 2001, c2001 | |
| 300 | |a 1 DVD región 4 (132 min.) : |b color | ||
| 336 | |a imagen móvil bidimensional |b tdi |2 rdacontenido | ||
| 337 | |a video |b v |2 rdamedio | ||
| 338 | |a videodisco |b vd |2 rdasoporte | ||
| 520 | |a Décimo largometraje dirigido por el cineasta francés Bertrand Tavernier (1941-2021), quien rinde un homenaje amoroso al jazz, a sus creadores y al ámbito que da forma este tipo de música: la narración está situada en París en 1959 y gira en torno a la relación que establecen un saxofonista en declive y un fanático del jazz, quien ayudará y protegerá a su ídolo, inspirada en incidentes de las vidas del pianista Bud Powell (1924-1966) y su admirador Francis Paudras. El cineasta francés hace un repaso, mítico y naturalista al unísono, sobre un género musical que entraña toda una filosofía existencial. Dexter Gordon (1923-1990), considerado uno de los más grandes saxofonistas de la historia del jazz, encabeza el reparto con un trabajo actoral de excepción y Herbie Hancock, otro de los creadores mayúsculos del género, es el autor de la música original. | ||
| 546 | |a En inglés, con subtítulos opcionales: español, francés, inglés, portugués | ||
| 586 | |a Premio Bodil, de la Asociación Danesa de Críticos de Cine (41°: 1988): Mejor Película Europea (ganadora) | ||
| 649 | |a XX | ||
| 650 | |a Músicos en el Cine | ||
| 650 | |a Músicos Norteamericanos - |x Biografías | ||
| 650 | |a Artistas en el Cine | ||
| 650 | |a Artistas Norteamericanos - |x Biografías | ||
| 650 | |a Fans en el Cine | ||
| 650 | |a Películas Musicales | ||
| 650 | |a Dramas Cinematográficos | ||
| 650 | |a Cine en Inglés - |z Francia | ||
| 650 | |a Cine Francés - |y 1980-1989 | ||
| 650 | |a Cine Francés - |y Siglo XX | ||
| 650 | |a Jazz - |z París, Francia - |x Historia y Crítica | ||
| 650 | |a Jazz - |x Historia y Crítica | ||
| 650 | |a Jazz - |x Filosofía - |x Tema Principal | ||
| 650 | |a Música Afroamericana - |x Historia y Crítica | ||
| 650 | |a Música Norteamericana - |y Siglo XX | ||
| 650 | |a Música Norteamericana - |x Historia y Crítica | ||
| 650 | |a Música en el Cine | ||
| 650 | |a Creatividad | ||
| 650 | |a Creación (Literaria, Artística, etc.) | ||
| 650 | |a Alcoholismo | ||
| 650 | |a Adicciones | ||
| 650 | |a Psicología y Arte | ||
| 650 | |a París, Francia en el Cine | ||
| 650 | |a Nueva York, EUA en el Cine | ||
| 650 | |a EUA en el Cine | ||
| 650 | |a Paudras, Francis - |x Tema Principal | ||
| 650 | |a Powell, Bud - |x Tema Principal | ||
| 700 | |a Tavernier, Bertrand |e (guión) | ||
| 700 | |a Rayfiel, David |e (guión) | ||
| 700 | |a Keyzer, Bruno de |e (fotógrafo) | ||
| 700 | |a Moreau, Jacqueline |e (vestuario) | ||
| 700 | |a Psenny, Armand |e (montaje) | ||
| 700 | |a Hancock, Herbie |e (música) | ||
| 700 | |a Gordon, Dexter |e (actuación) | ||
| 700 | |a Cluzet, François |e (actuación) | ||
| 700 | |a Haker, Gabrielle |e (actuación) | ||
| 910 | |a Fondo General | ||
| 920 | |a Audiovisuales - DVDs | ||
| 940 | |a Películas | ||
| 905 | |a 302 | ||
| 901 | |a 0500093318 |b IT2 |c DVS |u 20250521 | ||
| 902 | |a https://opac.biblio.iteso.mx/vufind/Record/000147881 | ||